[Event "Let's Play Chess!"]
[Site "http://www.queenalice.com/game.php?id=960083"]
[Date "2011.7.16"]
[Round "-"]
[White "Oliver36"]
[Black "colatina"]
[Result "1-0"]
[WhiteElo "2384"]
[BlackElo "2270"]

1. d4 d5 2. c4 e6 3. Nc3 c6 4. Nf3 Nf6 5. e3 Nbd7 6. Bd3 dxc4 7. Bxc4 b5 8. Bd3
Bb7 9. e4 b4 10. Na4 c5 11. e5 Nd5 12. O-O cxd4 13. Re1 g6 14. Bg5 Qa5 15. Nxd4
a6 16. a3 bxa3 17. bxa3 Bg7 18. Rb1 Rb8 19. Bd2 Qd8 20. f4 O-O 21. Be4 Qh4 22.
g3 Qh3 23. Qe2 Rfc8 24. Bg2 Qh5 25. Bf3 Qh6 26. f5 g5 27. Rxb7 Rxb7 28. fxe6
fxe6 29. Nf5 Qh3 30. Bg4 Qxg4 31. Qxg4 exf5 32. Qf3 Rb5 33. Qxf5 N5b6 34. Nxb6
Nxb6 35. a4 Rbc5 36. Qe6+ Kh8 37. Qxb6 R5c6 38. Qb3 Rc5 39. e6 Re8 40. e7 Rf5
41. Bc3 Bxc3 42. Qxc3+ Kg8 43. Qc6 Kf7 44. Qe6+ Kg7 45. Qxf5 1-0

[Event "Let's Play Chess!"]
[Site "http://www.queenalice.com/game.php?id=961855"]
[Date "2011.7.19"]
[Round "-"]
[White "dnptrs"]
[Black "Oliver36"]
[Result "0-1"]
[WhiteElo "2239"]
[BlackElo "2314"]

1. d4 Nf6 2. Nf3 g6 3. g3 Bg7 4. Bg2 d5 5. O-O O-O 6. c4 dxc4 7. Na3 Nc6 8. Nxc4
Bf5 9. e3 a5 10. b3 Be4 11. Ncd2 Bd3 12. Re1 Nb4 13. Ne5 Nfd5 14. Nxd3 Nxd3 15.
Rf1 Nxf2 0-1

[Event "Let's Play Chess!"]
[Site "http://www.queenalice.com/game.php?id=961856"]
[Date "2011.7.19"]
[Round "-"]
[White "Oliver36"]
[Black "dnptrs"]
[Result "1-0"]
[WhiteElo "2354"]
[BlackElo "2195"]

1. d4 Nf6 2. c4 e6 3. Nc3 d5 4. Nf3 Be7 5. Bf4 O-O 6. e3 b6 7. Bd3 Nbd7 8. cxd5
exd5 9. Qc2 c6 10. g4 g6 11. O-O Nxg4 12. Kh1 Ngf6 13. Rg1 Nh5 14. Bh6 Re8 15.
e4 Ndf6 16. e5 Ng4 17. Bc1 Bf8 18. Rg2 c5 19. Bg5 Qc7 20. Nxd5 Qd7 21. Be4 Bb7
22. dxc5 Bxd5 23. c6 Qe6 24. Rxg4 Qxg4 25. Bxd5 Ng7 26. Rg1 Qb4 27. a3 Qc5 28.
Bxf7+ Kxf7 29. Qb3+ Ne6 30. Rc1 Qxf2 31. Bh4 Qe2 32. Re1 Qxe1+ 33. Bxe1 Kg7 34.
Bh4 Be7 35. Qxe6 Bxh4 36. Qd7+ Re7 37. Qd6 1-0

[Event "Challenge"]
[Site "http://www.queenalice.com/game.php?id=971681"]
[Date "2011.8.12"]
[Round "-"]
[White "plot24"]
[Black "Oliver36"]
[Result "0-1"]
[WhiteElo "1829"]
[BlackElo "2375"]

1. e4 c5 2. Nf3 Nc6 3. d4 cxd4 4. Nxd4 Nf6 5. Nc3 e5 6. Nf5 d5 7. exd5 Bxf5 8.
dxc6 Qxd1+ 9. Nxd1 bxc6 10. Ne3 Be6 11. Bc4 Nd5 12. Nxd5 cxd5 13. Be2 Bd6 14. c3
Rb8 15. O-O Ke7 16. b4 Rhc8 0-1

[Event "Let's Play Chess!"]
[Site "http://www.queenalice.com/game.php?id=973675"]
[Date "2011.8.19"]
[Round "-"]
[White "dnptrs"]
[Black "Oliver36"]
[Result "0-1"]
[WhiteElo "2181"]
[BlackElo "2400"]

1. d4 Nf6 2. Nf3 g6 3. g3 Bg7 4. Bg2 d5 5. O-O O-O 6. c3 Nc6 7. Na3 Bf5 8. Qb3
a5 9. Bg5 a4 10. Qd1 Qd7 11. Nc2 Ne4 12. Be3 a3 13. Nxa3 Nxc3 14. bxc3 Rxa3 15.
Qc1 Rfa8 16. Qb2 R3a4 17. Nd2 b6 18. Rfc1 e5 19. Nf3 Bf8 20. Qd2 e4 21. Ne1 Ba3
22. Rcb1 Na5 23. Bh6 Nc4 24. Qg5 Qe6 25. Rb3 f6 26. Qf4 g5 0-1

[Event "Let's Play Chess!"]
[Site "http://www.queenalice.com/game.php?id=973676"]
[Date "2011.8.19"]
[Round "-"]
[White "Oliver36"]
[Black "dnptrs"]
[Result "1-0"]
[WhiteElo "2406"]
[BlackElo "2165"]

1. d4 Nf6 2. c4 e6 3. Nc3 c5 4. d5 exd5 5. cxd5 d6 6. Nf3 Be7 7. e4 b6 8. Bb5+
Nfd7 9. O-O O-O 10. Bf4 a6 11. Be2 f6 12. Nh4 Ne5 13. Be3 b5 14. b3 Bd7 15. a3
Qc8 16. Qc2 g6 17. f4 Ng4 18. Bxg4 Bxg4 19. h3 Bd7 20. e5 f5 21. Nf3 b4 22. Ne2
Qb7 23. axb4 Qxb4 24. Nd2 Qb7 25. exd6 Bxd6 26. Nc4 Be7 27. Nc3 Bb5 28. Nxb5
axb5 29. Rxa8 Qxa8 30. Rd1 bxc4 31. d6 Bf6 32. Qxc4+ Kg7 33. Qxc5 Nd7 34. Qc7
Rf7 35. Bf2 Qe4 36. Qc4 Qb7 37. b4 Rf8 38. Rc1 Rf7 39. b5 Nb6 40. Qc7 Nd5 41.
Qxb7 Rxb7 42. Rc5 Kf7 43. Rxd5 Ke6 44. Rc5 Bd8 45. g4 fxg4 46. hxg4 Bb6 47. f5+
1-0

[Event "Challenge"]
[Site "http://www.queenalice.com/game.php?id=974308"]
[Date "2011.8.19"]
[Round "-"]
[White "Oliver36"]
[Black "docjan"]
[Result "1/2-1/2"]
[WhiteElo "2410"]
[BlackElo "2473"]

1. d4 Nf6 2. c4 g6 3. Nc3 d6 4. e4 Bg7 5. Nf3 O-O 6. h3 e5 7. d5 Nbd7 8. Bg5 a5
9. Be2 Nc5 10. Nd2 Bd7 11. O-O Qe7 12. a4 h6 13. Be3 b6 14. Qc2 Bc8 15. Ra3 Na6
16. Rd1 Nb4 17. Qc1 Ba6 18. Na2 Nxa2 19. Rxa2 Nd7 20. Nb1 Nc5 21. Nc3 h5 22. Ra3
Kh7 23. Qd2 Rac8 24. Re1 Bb7 25. Bd1 Rcd8 26. Bc2 Rd7 27. Nb5 Rdd8 28. Bg5 f6
29. Be3 Qd7 30. Rea1 Ra8 31. Rd1 Qe7 32. Re1 Rfe8 33. Rd1 Rf8 1/2-1/2

[Event "Challenge"]
[Site "http://www.queenalice.com/game.php?id=974309"]
[Date "2011.8.19"]
[Round "-"]
[White "docjan"]
[Black "Oliver36"]
[Result "0-1"]
[WhiteElo "2469"]
[BlackElo "2411"]

1. e4 c5 2. Nf3 d6 3. d4 cxd4 4. Nxd4 Nf6 5. Nc3 a6 6. Be2 e5 7. Nf5 d5 8. Bg5
d4 9. Bxf6 gxf6 10. Nb1 Qb6 11. Qc1 Be6 12. O-O Rg8 13. c3 Nc6 14. cxd4 Bxf5 15.
exf5 Nxd4 16. Qc4 Qxb2 17. Bh5 Rg7 18. Nc3 Qc2 19. Qc7 Rd8 20. Bd1 Qxf5 21. Qxb7
Bd6 22. Qxa6 Qh3 23. g3 Rg6 24. Qb7 Kf8 25. Qg2 Qf5 26. a4 Bb4 27. Nb5 Ne6 28.
Bb3 Nf4 29. Qb7 Rd7 30. Nc7 Re7 31. Ra2 Bc5 32. Ne6+ Qxe6 33. Qb8+ Re8 34. Qb5
Qd6 35. Kh1 Ne6 36. Qc4 Rd8 37. a5 Rd7 38. Rc1 Qc6+ 39. Kg1 Rc7 40. Rd2 Qf3 0-1

[Event "Challenge"]
[Site "http://www.queenalice.com/game.php?id=977787"]
[Date "2011.8.27"]
[Round "-"]
[White "tewald"]
[Black "Oliver36"]
[Result "0-1"]
[WhiteElo "1895"]
[BlackElo "2409"]

1. e4 c5 2. Nf3 d6 3. g3 Nc6 4. d3 g6 5. Bg2 Nf6 6. O-O Bg7 7. Re1 O-O 8. c3 Ng4
9. Nbd2 Be6 10. h3 Nge5 11. Nf1 Nxf3+ 12. Qxf3 b5 13. Bd2 Qd7 14. Kh2 b4 15.
Rec1 bxc3 16. bxc3 Rab8 17. Be3 Rb7 18. Nd2 Rb2 19. a3 Ne5 20. Qe2 Qa4 21. c4
Bd7 22. f4 Nc6 23. e5 dxe5 24. Bxc5 exf4 25. gxf4 Qa5 26. Bb4 Nxb4 27. axb4 Qxb4
28. Rxa7 Rxd2 29. Qe3 Bc6 30. Rg1 Qb2 31. Qg3 Bd4 0-1

[Event "Challenge"]
[Site "http://www.queenalice.com/game.php?id=981419"]
[Date "2011.9.5"]
[Round "-"]
[White "Oliver36"]
[Black "hendrik"]
[Result "1-0"]
[WhiteElo "2433"]
[BlackElo "2547"]

1. d4 Nf6 2. c4 e6 3. Nc3 Bb4 4. Nf3 d5 5. cxd5 exd5 6. Bg5 Nbd7 7. e3 c5 8. Bd3
Qa5 9. Qc2 c4 10. Bf5 O-O 11. O-O Re8 12. Nd2 g6 13. Bxd7 Nxd7 14. e4 Bxc3 15.
Qxc3 Qxc3 16. bxc3 f6 17. Bh4 g5 18. Bg3 Nb6 19. f4 g4 20. e5 Na4 21. Rac1 fxe5
22. fxe5 a5 23. Rf6 b5 24. a3 Rf8 25. Rxf8+ Kxf8 26. Nf1 Ke8 27. Be1 Nb2 28. Ng3
Nd3 29. Ra1 Ra6 30. Bd2 Rc6 31. Nf1 Bf5 32. Ne3 Be6 33. Nd1 1-0

[Event "Let's Play Chess!"]
[Site "http://www.queenalice.com/game.php?id=982248"]
[Date "2011.9.10"]
[Round "-"]
[White "Oliver36"]
[Black "amarkin"]
[Result "1-0"]
[WhiteElo "2443"]
[BlackElo "2599"]

1. d4 Nf6 2. c4 g6 3. Nc3 d5 4. cxd5 Nxd5 5. e4 Nxc3 6. bxc3 Bg7 7. Be3 c5 8.
Qd2 Qa5 9. Rc1 Nd7 10. Nf3 O-O 11. Bd3 b6 12. d5 Bb7 13. O-O Rac8 14. Bh6 c4 15.
Be2 Nf6 16. Bxg7 Kxg7 17. Qf4 e6 18. Nd4 Rfe8 19. Rfe1 exd5 20. e5 Ng8 21. e6 f6
22. Bd1 b5 23. h4 Qc7 24. Qf3 Bc6 25. Bc2 Re7 26. h5 Nh6 27. g3 b4 28. cxb4 Bb7
29. Kg2 Rh8 30. Rcd1 a6 31. a4 Qd6 32. hxg6 hxg6 33. Bxg6 Kxg6 34. Nf5 d4 35.
Nxd6 Bxf3+ 36. Kxf3 d3 37. Nxc4 Rd8 38. Nb2 d2 39. Re2 Rd4 40. Rexd2 Rxd2 41.
Rxd2 Rxe6 42. Nc4 Rc6 43. Rc2 Nf7 44. Ke4 Rc8 45. b5 axb5 46. axb5 f5+ 47. Kd5
Rd8+ 48. Ke6 Rb8 49. b6 Rb7 50. Rd2 Ng5+ 51. Kd5 Ne4 52. Rb2 Rb8 53. Ne5+ Kh6
54. b7 Nxf2 55. Nc6 Rxb7 56. Rxb7 Ne4 57. Rb3 Kg5 58. Ne7 Nf6+ 59. Ke6 Ne4 60.
Rb5 Kg4 61. Nxf5 Kf3 62. Rb4 Ng5+ 63. Kd6 Ke2 64. Ke5 Kd3 65. Rh4 Nf3+ 66. Kd5
Kd2 67. g4 Kc1 68. Rh5 1-0

[Event "Let's Play Chess!"]
[Site "http://www.queenalice.com/game.php?id=982250"]
[Date "2011.9.10"]
[Round "-"]
[White "amarkin"]
[Black "Oliver36"]
[Result "1-0"]
[WhiteElo "2601"]
[BlackElo "2454"]

1. e4 c5 2. Nf3 d6 3. d4 cxd4 4. Nxd4 Nf6 5. Nc3 a6 6. Be3 e5 7. Nb3 Be6 8. f3
Nbd7 9. Qd2 b5 10. O-O-O Be7 11. g4 b4 12. Nd5 Bxd5 13. exd5 Nb6 14. Qxb4 Nfxd5
15. Bxb6 Nxb4 16. Bxd8 Kxd8 17. Na5 Rc8 18. c3 Nc6 19. Nc4 Kc7 20. h4 g6 21. Kc2
h5 22. g5 a5 23. Ne3 Kb7 24. Kb3 Rb8 25. Ka4 Rhc8 26. Rd5 Kc7 27. Rd2 Kb7 28.
Bg2 Ka6 29. Rhd1 Nd8 30. Bf1+ Ka7 31. Kxa5 f6 32. Nd5 Nc6+ 33. Ka4 fxg5 34. b4
Bf8 35. Bh3 Rd8 36. hxg5 Rb7 37. Nf6 Be7 38. Be6 Rdb8 39. Bd5 Rb6 40. Nd7 Ra6+
41. Kb3 Na5+ 42. Kb2 Rd8 43. Nf6 Rb6 44. Rg2 Rbb8 45. Kc2 Nb7 46. Be4 Rh8 47.
Bxg6 Bxf6 48. gxf6 Rbg8 49. f7 Rg7 50. Rgg1 h4 51. Rg4 Rf8 52. Bh5 Rh7 53. Rg8
Rhxf7 54. Bxf7 Rxf7 55. Rh8 Rxf3 56. Rxh4 Rf2+ 57. Kb3 Rf8 58. a4 Re8 59. Rh7
Ka8 60. a5 e4 61. Kc2 e3 62. Kd3 d5 63. Rdh1 e2 64. Re1 Rg8 65. Rd7 Nd8 66. Rxe2
Kb8 67. Kd4 Nc6+ 68. Kxd5 Na7 69. a6 1-0

[Event "Challenge"]
[Site "http://www.queenalice.com/game.php?id=982420"]
[Date "2011.9.7"]
[Round "-"]
[White "Oliver36"]
[Black "Kuarwaki"]
[Result "1/2-1/2"]
[WhiteElo "2430"]
[BlackElo "2591"]

1. d4 Nf6 2. c4 e6 3. Nc3 Bb4 4. Bg5 c5 5. d5 exd5 6. cxd5 d6 7. e3 Nbd7 8. Bd3
Qa5 9. Ne2 Nxd5 10. O-O Bxc3 11. bxc3 c4 12. Be4 N5f6 13. Bxf6 Nxf6 14. Bf3 O-O
15. Qxd6 Bf5 16. a3 Bd3 17. Qb4 Qc7 18. Ra2 Ne4 19. Bxe4 Bxe4 20. Rd1 Rad8 21.
Rd4 Rfe8 22. h3 Rxd4 23. Nxd4 Rd8 24. Rd2 a6 25. f3 Bd3 26. Rb2 Rd7 27. Qb6 Qe5
28. e4 g6 29. Rb4 Kg7 30. Qa7 Qe7 31. Qb8 b5 32. Qf4 h6 33. h4 h5 34. Kf2 f6 35.
g3 Kh7 36. Kg2 Rd6 37. Qe3 Qe8 38. Kh2 Rd7 39. Qf4 Qe7 40. Kg2 Rd6 41. Qe3 Qe8
42. Kh2 Rd7 43. Qf4 Qe7 44. Kg2 1/2-1/2

[Event "Challenge"]
[Site "http://www.queenalice.com/game.php?id=982421"]
[Date "2011.9.7"]
[Round "-"]
[White "Kuarwaki"]
[Black "Oliver36"]
[Result "1/2-1/2"]
[WhiteElo "2582"]
[BlackElo "2420"]

1. e4 c5 2. Nc3 Nc6 3. g3 g6 4. Bg2 Bg7 5. d3 d6 6. f4 Nf6 7. Nf3 O-O 8. O-O Be6
9. a4 Qb6 10. a5 Nxa5 11. Ng5 c4+ 12. d4 Bg4 13. Qe1 Nc6 14. Be3 Bd7 15. h3 Nxd4
16. e5 dxe5 17. fxe5 Nxc2 18. Bxb6 Nxe1 19. Bxb7 Nc2 20. Ra5 Rab8 21. Rxa7 Bc8
22. Bxc8 Rxb6 23. Ba6 Ne3 24. Rf3 Nfd5 25. Bxc4 e6 26. Bxd5 Nxd5 27. Nxd5 exd5
28. Nxf7 Rxb2 29. Rd7 Rb1+ 1/2-1/2

[Event "Let's Play Chess!"]
[Site "http://www.queenalice.com/game.php?id=997953"]
[Date "2011.10.20"]
[Round "-"]
[White "dnptrs"]
[Black "Oliver36"]
[Result "0-1"]
[WhiteElo "2169"]
[BlackElo "2427"]

1. d4 Nf6 2. Nf3 g6 3. g3 Bg7 4. Bg2 d5 5. O-O O-O 6. c3 Nc6 7. Bf4 Nh5 8. Bc1
Bf5 9. Ne1 Re8 10. e3 Nf6 11. Nd3 e5 12. dxe5 Nxe5 13. Nxe5 Rxe5 14. Nd2 c5 15.
Nb3 Rc8 16. Bd2 Qb6 17. Re1 Ree8 18. Bc1 Rcd8 19. Nd2 Ne4 20. Nxe4 dxe4 21. Qc2
Qd6 22. a4 Qd5 23. Ra3 Bg4 24. c4 Bd1 25. cxd5 Bxc2 26. Bd2 Rxd5 27. Bc3 Red8
28. Bf1 Rd1 29. Ra1 Bxc3 0-1

[Event "Let's Play Chess!"]
[Site "http://www.queenalice.com/game.php?id=997954"]
[Date "2011.10.20"]
[Round "-"]
[White "Oliver36"]
[Black "dnptrs"]
[Result "1-0"]
[WhiteElo "2423"]
[BlackElo "2202"]

1. d4 Nf6 2. c4 e6 3. Nc3 d5 4. Nf3 Be7 5. Bf4 O-O 6. e3 c5 7. dxc5 Na6 8. cxd5
Nxd5 9. Nxd5 Qxd5 10. Bxa6 bxa6 11. Qxd5 exd5 12. c6 Bb4+ 13. Ke2 a5 14. Nd4
Ba6+ 15. Kf3 Rac8 16. Rac1 f6 17. a3 Be7 18. c7 g5 19. Nf5 Rfe8 20. Bd6 1-0

[Event "Let's Play Chess!"]
[Site "http://www.queenalice.com/game.php?id=1046328"]
[Date "2012.4.26"]
[Round "-"]
[White "FerreiraAzevedo"]
[Black "Oliver36"]
[Result "1-0"]
[WhiteElo "2669"]
[BlackElo "2451"]

1. e4 c5 2. Nf3 d6 3. Nc3 e5 4. Bc4 Be7 5. a3 Nf6 6. d3 Nc6 7. O-O O-O 8. h3 a6
9. Nd5 Nxd5 10. Bxd5 Bf6 11. Bd2 Ne7 12. Ba2 b6 13. b4 Rb8 14. Rb1 Bd7 15. bxc5
dxc5 16. Nh2 Ng6 17. Ng4 b5 18. Qf3 Be7 19. Ne3 Bg5 20. Ra1 a5 21. Rfb1 Nf4 22.
h4 Bxh4 23. g3 Nh3+ 24. Kg2 Bf6 25. Qe2 h6 26. Rh1 Ng5 27. Nd5 Ra8 28. Rh5 Ne6
29. Rah1 Bg5 30. f4 exf4 31. gxf4 Nxf4+ 32. Bxf4 Bxf4 33. Nxf4 Qf6 34. Qf2 Ra6
35. Rxc5 Qe7 36. Rhh5 Rf6 37. Qg3 Kh8 38. Rc3 Ra6 39. Rd5 Be8 40. Rf5 Kh7 41.
Qf2 Bd7 42. Rc7 Qd8 43. Qc5 Bxf5 44. Qxf5+ Rg6+ 45. Nxg6 fxg6 46. Qe5 Rf6 47.
Qe7 Qxe7 48. Rxe7 Rc6 49. c4 h5 50. e5 Kh6 51. Rb7 Kg5 52. Rxb5 Kf4 53. d4 Rc7
54. e6 1-0

[Event "Let's Play Chess!"]
[Site "http://www.queenalice.com/game.php?id=1046329"]
[Date "2012.4.26"]
[Round "-"]
[White "FerreiraAzevedo"]
[Black "Oliver36"]
[Result "1-0"]
[WhiteElo "2682"]
[BlackElo "2447"]

1. d4 Nf6 2. Nc3 d5 3. Bf4 Bf5 4. e3 e6 5. Bd3 Nc6 6. Bxf5 exf5 7. Qd3 Qd7 8.
Nge2 Be7 9. f3 O-O-O 10. O-O-O Qe6 11. h3 h6 12. Bh2 h5 13. Nb5 Ne8 14. Nbc3 Nf6
15. Nb5 Ne8 16. Nf4 Qd7 17. Nc3 Nf6 18. h4 Kb8 19. Kb1 g6 20. Qd2 Bd6 21. Nb5
Bb4 22. c3 Ba5 23. Na3 Rhe8 24. Nd3 a6 25. Bf4 Qe6 26. Qc2 Bb6 27. Bg5 Ne7 28.
Qb3 Nh7 29. Bf4 Nf6 30. Rhe1 Ka7 31. Nc2 Ka8 32. Be5 Nfg8 33. Ncb4 f6 34. Bh2
Nh6 35. Bf4 Nf7 36. e4 fxe4 37. fxe4 Qg4 38. exd5 a5 39. Qa4 g5 40. d6 cxd6 41.
hxg5 fxg5 42. Bc1 Ka7 43. Rd2 Qf5 44. Rf2 Qg6 45. Ka1 Kb8 46. Nd5 Nc6 47. Nxb6
Qxd3 48. Nd7+ Kc8 49. Rd1 Qg6 50. Nb6+ Kb8 51. Rdf1 Re7 52. b4 d5 53. b5 Na7 54.
Qxa5 Qg8 55. Ba3 1-0

[Event "Challenge"]
[Site "http://www.queenalice.com/game.php?id=1047247"]
[Date "2012.4.9"]
[Round "-"]
[White "Oliver36"]
[Black "RenverKestak"]
[Result "1/2-1/2"]
[WhiteElo "2449"]
[BlackElo "2571"]

1. d4 Nf6 2. c4 e6 3. Nc3 Bb4 4. e3 b6 5. Bd3 Bb7 6. Nf3 Ne4 7. Qc2 f5 8. O-O
Nxc3 9. bxc3 Bxf3 10. gxf3 Bd6 11. e4 Qh4 12. e5 Be7 13. Kh1 Bg5 14. Bxg5 Qxg5
15. Rg1 Qh6 16. f4 O-O 17. Qd2 Nc6 18. Rg5 Rab8 19. Be2 g6 20. d5 Nd8 21. Rag1
Kh8 22. Bf3 Nf7 23. R5g3 Rfd8 24. Re1 Qh4 25. Bg2 Qe7 26. Rd3 Kg7 27. Kg1 Rbc8
28. Rd4 Rg8 29. Re3 Rgd8 30. Red3 Qe8 31. Qd1 h5 32. h3 a5 33. Qb3 Qe7 34. Qa4
Kf8 35. dxe6 dxe6 36. Rd7 Qc5 37. R3d4 Re8 38. Bc6 Nd8 39. Bf3 Nf7 40. Qc6 Qxc6
41. Bxc6 Re7 42. h4 Rxd7 43. Bxd7 Rd8 44. Bxe6 Rxd4 45. cxd4 Nd8 46. Bd5 c6 47.
Bf3 Ne6 48. d5 cxd5 49. cxd5 Nxf4 50. d6 Kf7 51. Bd1 b5 52. Kh2 a4 53. Kg3 Nd3
54. Be2 f4+ 55. Kf3 Nxe5+ 56. Ke4 Ke6 57. Bxb5 a3 58. d7 Nxd7 59. Bxd7+ Kxd7 60.
Kxf4 Ke8 61. Kg5 Kf7 62. f4 Kg7 63. f5 gxf5 64. Kxf5 Kh7 65. Kg5 Kg7 66. Kxh5
Kf6 67. Kh6 1/2-1/2

[Event "Challenge"]
[Site "http://www.queenalice.com/game.php?id=1203525"]
[Date "2013.7.29"]
[Round "-"]
[White "Jerick"]
[Black "Oliver36"]
[Result "1/2-1/2"]
[WhiteElo "2523"]
[BlackElo "2444"]

1. d4 Nf6 2. c4 e6 3. Nf3 d5 4. e3 c5 5. Nc3 a6 6. cxd5 exd5 7. Be2 c4 8. b3 b5
9. bxc4 Bb4 10. Bd2 Bxc3 11. Bxc3 Ne4 12. Bb4 Nc6 13. cxd5 Nxb4 14. Qb1 Nxf2 15.
Kxf2 Nxd5 16. a4 b4 17. Bc4 a5 18. Bb5+ Kf8 19. Qd3 Nc3 20. Rhe1 Bb7 21. e4 Rc8
22. Kg1 h5 23. d5 h4 24. h3 Rh6 25. Qe3 Kg8 26. Rac1 f5 27. exf5 Qb6 28. Qxb6
Rxb6 29. Nxh4 Nxb5 30. Rxc8+ Bxc8 31. Re8+ Kf7 32. Rxc8 b3 33. Ng6 Kf6 34. Rf8+
Kg5 35. h4+ Kg4 36. Ne5+ Kxh4 37. axb5 b2 38. Nf3+ Kg3 39. Nd2 Rxb5 40. f6 gxf6
41. Rxf6 a4 42. Rg6+ Kf4 43. Ra6 Rxd5 44. Rxa4+ Kf5 45. g4+ Kg6 46. Ra6+ Kg5 47.
Ne4+ Kf4 48. Nc3 Kxg4 49. Rb6 Rd3 50. Rxb2 Rxc3 51. Ra2 Kf3 1/2-1/2

[Event "Challenge"]
[Site "http://www.queenalice.com/game.php?id=1203526"]
[Date "2013.7.29"]
[Round "-"]
[White "Oliver36"]
[Black "Jerick"]
[Result "1-0"]
[WhiteElo "2449"]
[BlackElo "2522"]

1. d4 Nf6 2. c4 e6 3. Nf3 Nc6 4. a3 d5 5. Nc3 Be7 6. Bf4 O-O 7. e3 Nh5 8. Be5 a6
9. Qc2 Na5 10. cxd5 exd5 11. Bd3 g6 12. h3 Nc6 13. Bh2 Bd6 14. O-O Bxh2+ 15.
Nxh2 Re8 16. Nf3 Nf6 17. Rac1 Be6 18. Ng5 Nd7 19. Nxe6 fxe6 20. Na4 Qf6 21. Qd2
Qf7 22. f4 Rec8 23. b4 Qg7 24. Kh2 Qe7 25. Rc2 Nd8 26. e4 c6 27. Nc5 dxe4 28.
Nxe4 Nf6 29. Re1 Nd5 30. Bc4 Qf8 31. g3 b5 32. Ba2 a5 33. bxa5 Qxa3 34. Bxd5
cxd5 35. Ra2 Qe7 36. Nc5 b4 37. a6 Rxc5 38. dxc5 Qxc5 39. Rc1 Qb5 40. Rca1 Ra7
41. Qe3 Ra8 42. Ra5 Qd7 43. Qb6 d4 44. Rc1 Nf7 45. a7 d3 46. Qb8+ Qd8 47. Rb5 d2
48. Rd1 Kg7 49. Rxb4 e5 50. fxe5 g5 51. e6 1-0

[Event "Challenge"]
[Site "http://www.queenalice.com/game.php?id=1232368"]
[Date "2013.11.14"]
[Round "-"]
[White "Zugswang"]
[Black "Oliver36"]
[Result "0-1"]
[WhiteElo "2191"]
[BlackElo "2446"]

1. e4 c5 2. Nc3 e6 3. g3 d5 4. d3 Be7 5. Bg2 d4 6. Nce2 Nc6 7. f4 Nf6 8. h3 O-O
9. Nf3 Qc7 10. O-O Rd8 11. g4 h6 12. a3 Nd7 13. Ng3 e5 14. f5 Nf6 15. g5 hxg5
16. Nxg5 Nb8 17. Bf3 Rf8 18. Bh5 c4 19. Kh2 b5 20. Rg1 Nbd7 21. Bd2 a5 22. Rg2
Bb7 23. Qe2 Rac8 24. Bxf7+ Rxf7 25. Nh5 Nxh5 26. Nxf7 Ndf6 27. Ng5 Qd6 28. Ne6
cxd3 29. cxd3 Rc2 30. Rag1 Bf8 31. Qd1 Rxb2 32. Bxa5 Rxg2+ 33. Rxg2 Qxa3 34. Bd8
Bc8 35. Bxf6 Nxf6 36. Qc2 Bxe6 37. fxe6 Nh5 38. Qc7 Be7 39. Qb8+ Kh7 40. Qd8
Bxd8 0-1